« Retourner aux résultats de recherche
Coiffeur frise toujours deux fois (Le)
| Auteur principal: | Frédéric Lenormand |
|---|---|
| Support: | Livres |
| Langue: | Francais |
| Series: |
Au service secret de Marie-Antoinette |
| Genre: |
Roman (gros caractères) |
| Collection: |
|
| Sujets: | |
| Étiquettes: |
Ajouter
Pas de Tags !
|
| LEADER | 00999nam0a2200205 450 | ||
|---|---|---|---|
| 001 | 16847586 | ||
| 010 | |a 979-10-269-0605-6 |b br. |d 28 | ||
| 100 | |a 20220701d2022 u u0frey01 ba | ||
| 101 | 0 | |a fre | |
| 102 | |a FR | ||
| 200 | 0 | |a Coiffeur frise toujours deux fois (Le) |f Frédéric Lenormand | |
| 207 | 1 | |a | |
| 215 | |a 1 vol. (576 p.) |d 24 x 16 cm | ||
| 225 | 1 | |v 06 | |
| 330 | |a A la cour, Necker, le ministre des Finances, ne sait que faire face aux dépenses faramineuses de la reine. De plus, le corps de son riche ami banquier est découvert avec à ses côtés un oiseau qui profère des insultes. Rose Bertin et Léonard Astier mènent l'enquête et tentent de faire parler le volatile, seul témoin du crime. | ||
| 461 | 0 | |t Au service secret de Marie-Antoinette |v 06 | |
| 700 | 0 | |a Lenormand |b Frédéric |f 1964-.... |4 70 | |
| 900 | |a Roman (gros caractères) | ||
| 901 | |a Accessible au prêt | ||
| 995 | |a Bibliothèque |c Bibliothèque |f 00156010425361 |h 00156010425361 |k R LEN 6 |o p |q a |r az |e Bibliothèque | ||
